| 000 | 00863nam0a2200277 4500 | ||
|---|---|---|---|
| 001 | RU\NLR\bibl\1865236 | ||
| 005 | 20250616184404.0 | ||
| 010 |
_a978-5-699-53496-8 _93000 |
||
| 021 |
_aRU _b2012-85 _96 |
||
| 035 | _a(NLR Aleph) 001855115 | ||
| 090 |
_a2455217 _c2455217 |
||
| 100 | _a20120207d2012 |||y0rusy50 ca | ||
| 101 | 1 |
_arus _ceng |
|
| 102 | _aRU | ||
| 105 | _ay ||||||||| | ||
| 200 | 1 |
_aАптекарша _e[Роман] _fИнгрид Нолль _g[пер. с англ. Г. Шевченко] |
|
| 210 |
_aМосква _cЭксмо _aСанкт-Петербург _cДомино _d2012 |
||
| 215 |
_a266, [1] с. _d20 |
||
| 686 | _aШ6(7США)67-440.4{Лх1979-50} | ||
| 700 | 1 |
_aНолль _bИ. _gИнгрид _4070 |
|
| 801 | 0 |
_aRU _bNLR _c20120207 _gRCR |
|
| 801 | 1 |
_aRU _bNLR _c20120207 |
|
| 942 | _cBOOK | ||
| 980 | _aNB | ||
| 980 | _aNBR | ||